000 01429nam a2200229Ia 4500
001 b5120-33885
003 IT-MiCISF
005 20230307105518.0
008 161014s9999||||xx |||||||||||||| ||und||
040 _aIT-MiCISF
_cIT-MiCISF
041 _ait
100 _aMengarelli Flamigni Marina
_959609
245 0 _aI bambini nel cassetto.
_bLe molte facce della procreazione: uno sguardo socio-culturale sulla fertilità e sulla infertilità
260 _a Milano,
_bFranco Angeli,
_c2001
300 _app. 127
500 _a / procreazione, sociologia, maternità, sterilità, procreazione-artificiale /
520 _a Il problema culturale qui affrontato è il "mandato generativo", visto come fattore potente, originario, in qualche modo inevitabile per il pensiero femminile sulla propria identità e sul proprio futuro. Tuttavia la società contemporanea - e la donna in essa - si misura oggi con una duplice possibilità "negativa" rispetto alla procreazione: da un lato il rifiuto consapevole della generatività (libera scelta di non procreare), dall'altro la sterilità (impotenza generativa, limite imposto dalla natura). Vengono proposti alcuni spunti di riflessione – non sempre condivisibili - con linguaggio non specialistico e con una rilevante attenzione alla dimensione relazionale di tali problemi.
650 _a procreazione
_e006
_956309
654 _asaggio
942 _cBK
_2ddc
999 _c212065
_d212065
999 _bsi